Grammar and conceptualization

Tallennettuna:
Bibliografiset tiedot
Päätekijä: Langacker, Ronald W (Tekijä)
Aineistotyyppi: Kirja
Kieli:englanti
Julkaistu: Berlín Walter de Gruyter 2000
Sarja:Cognitive Linguistics Research, 14
Aiheet:
Tagit: Lisää tagi
Ei tageja, Lisää ensimmäinen tagi!

MARC

LEADER 00000nam a2200000 a 4500
001 UCN5248
003 CL-VaPUC
008 010824e20000000GW |||||||||||||||||eng|d
082 0 4 |a 415  |b LAN  |2 21 
100 |a Langacker, Ronald W  |e author  |9 461334 
245 1 0 |a Grammar and conceptualization 
300 |a 427 p 
942 |c BK 
945 |d 20010824 00:00:00  |a cmena 
260 |a Berlín  |b Walter de Gruyter  |c 2000 
650 7 |a GRAMATICA COGNITIVA  |2 CL-VaPUC  |9 345088 
650 0 |a Gramática  |9 270497 
650 0 |a Desarrollo cognitivo  |9 311398 
583 |a last modification  |c 20010824 00:00:00  |k Rodrigo Vera 
490 0 |a Cognitive Linguistics Research, 14 
999 |c 296902  |d 296900 
952 |0 0  |1 0  |4 0  |6 415_000000000000000_LAN_2000  |7 0  |8 A  |9 351186  |a FDOPOS  |b BIBEDU  |d 2019-11-21  |i 3719006  |l 1  |o 415 LAN 2000  |p 3719006  |r 2025-01-22  |s 2024-05-08  |w 2019-11-21  |y BK  |k MLA